NASCAR Cup Winners at Sonoma Raceway - Statistics

General Stats
  • This quiz has been taken 741 times
    228 since last reset
  • The average score is 27 of 35
Answer Stats
Year Winner % Correct
1998 Jeff Gordon
96%
1999 Jeff Gordon
96%
2000 Jeff Gordon
96%
2004 Jeff Gordon
96%
2006 Jeff Gordon
96%
1995 Dale Earnhardt
90%
2003 Robby Gordon
90%
2008 Kyle Busch
89%
2015 Kyle Busch
89%
2013 Martin Truex Jr
89%
2018 Martin Truex Jr
89%
2019 Martin Truex Jr
89%
2023 Martin Truex Jr
89%
2001 Tony Stewart
89%
2005 Tony Stewart
89%
2016 Tony Stewart
89%
2011 Kurt Busch
88%
2010 Jimmie Johnson
87%
2021 Kyle Larson
87%
2024 Kyle Larson
87%
2017 Kevin Harvick
83%
1997 Mark Martin
75%
2014 Carl Edwards
71%
2022 Daniel Suarez
71%
1991 Davey Allison
70%
2007 Juan Pablo Montoya
64%
1990 Rusty Wallace
64%
1996 Rusty Wallace
64%
1989 Ricky Rudd
62%
2002 Ricky Rudd
62%
2012 Clint Bowyer
59%
2009 Kasey Kahne
54%
1992 Ernie Irvan
41%
1994 Ernie Irvan
41%
1993 Geoff Bodine
39%
No matching quizzes found
Score Distribution
Percent of People with Each Score
Percentile by Number Answered
Your Score History
You have not taken this quiz since the last reset